| 000 | 00456nam a2200193Ia 4500 | ||
|---|---|---|---|
| 005 | 20240823062224.0 | ||
| 008 | 240823s9999||||xx |||||||||||||| ||und|| | ||
| 020 | _a978-81-8345-547-3 | ||
| 041 | _aENGLISH | ||
| 082 | _A813.54 R2 | ||
| 100 | _aVaralotti Rengasamy | ||
| 245 | 0 | _aKAlki's Ponniyin Selvan : Part 4 | |
| 250 | _a5th | ||
| 260 |
_c2022 _bKavitha Publica |
||
| 500 | _aYES | ||
| 650 |
_aNovel _bGeneral |
||
| 942 | _cBK | ||
| 999 |
_c235371 _d235371 |
||